000 00810nam a22002778a 4500
999 _c6172
_d6172
001 9683329
003 OSt
005 20190116094118.0
008 830608s1983 mau b 001 0 eng
010 _a83-12215
020 _a0201116944
020 _a0201116952 (pbk.)
035 _a4750616
040 _aDLC
_cDLC
_dm/c
_dOSU
050 _aTR575
_b.J64 1983
050 0 0 _aTR575
_b.J64 1983
082 _a778.9
_bE13J
245 0 4 _aThe Joy of photographing people /
_cthe editors of Eastman Kodak Company
260 _aReading, Mass. :
_bAddison-Wesley Pub. Co.,
_c1983
300 _a240 p. :
_bill. (some col.) ;
_c26 cm
500 _aIncludes index
504 _aIncludes bibliographical references (p. 236-237)
650 0 _aPortrait photography
710 2 0 _aEastman Kodak Company
942 _2ddc
_cBK